01109nam a22002897a 4500999001700000003000900017005001700026008004100043020001500084020001800099040004300117082001900160100002700179245013300206264005200339300002300391336002600414337002800440338002700468500002000495650007500515651001000590653002400600655002400624942001200648952015900660 c12462d12462EG-ScBUE20210418130742.0090728s2006 ii f 001 0 eng d a8183561373 a9788183561372 aEG-ScBUEbengerdacEG-ScBUEdEG-ScBUE04a820.9bSAN2221 aSanyal, Lopa,eauthor.10aContemporary English literature /cby Dr. Lopa Sanyal, Ph.D. associate professor, Dyananda College of Science & Arts, Bangalore. 1aNew Delhi :bDiscovery Publishing House,c2006. a283 pages ;c21 cm 2rdacontentatextbtxt 2rdamediaaunmediatedbn 2rdacarrieravolumebnc aIncludes index. 798242aEnglish literature xHistory and criticismy20th century.2BUEsh 2BUEsh bHHUUEENNcApril2021 vReading book934232 2ddccBB 00102ddc40708Anglo-EgypaMAINbMAINc2NDd2009-07-28epurchaseg362.00h6195l1o820.9 SANp000016688r2025-07-15 00:00:00s2019-01-14w2009-07-28yBB